000 00489nam a2200169Ia 4500
008 090201s9999 xx 000 0 und d
010 _aKPL-9466
040 _bमराठी
041 _aमराठी
082 _a42806
_b9466
100 _aबलराम नांगरे
245 _aअपंगा
_cबलराम नांगरे
260 _c2005
_bअभय प्रकाशन
300 _a167
_bमोठा
600 _aअपंगा
942 _cBOOK
999 _c239900
_d239900